Statistics for Oh, the Irony!

Click here to take the quiz!

General Stats

  • This quiz has been taken 90 times
    (69 since last reset)
  • The average score is 10 of 15

Answer Stats

Ironic StatementAnswer% Correct
This large island is not green but mostly whiteGreenland
97%
He only allowed blonde-haired and blue-eyed people, he himself
had dark hair and brown eyes
Adolf Hitler
89%
This "inventor" of evolution married his cousinCharles Darwin
89%
This war was called the "war to end all wars"World War I
89%
This conflict lasted 116 years (1337-1453)Hundred Years‘ War
86%
The last words he heard were: "Mr. President, you can‘t say
Dallas doesn‘t love you."
John F. Kennedy
86%
What is "hippopotomonstrosesquippedaliophobia"?fear of {long} {words}
77%
This state's name means "snowy" whereas it's actually the driest state in the StatesNevada
67%
You can write this adjective, meaning 'easily ignitable'
either with or without an in- at the beginning
(in)flammable
66%
This American country is very rich in oil, but its citizens become poorer every dayVenezuela
66%
This U.S. administration attacked the Middle East with the aim
of bringing peace. The whole region is destabilized by now.
the Bush administration
59%
British citizens have recently called this organization
a "colonial power which suppresses the U.K"
the European Union
56%
This singer has misused the word "ironic" in her famous 1996 songAlanis Morissette
44%
This state‘s "Live Free or Die" plates are made in prisonsNew Hampshire
44%
This invention of the 1990s was created to save timethe Internet
23%

Score Distribution

Percentile by Number Answered

Percent of People with Each Score

Your Score History

You have not taken this quiz since the last reset